000 00684nam a2200277Ia 4500
005 20260324143938.0
008 008 260324s9999 xx 000 0 eng d
020 _a9781315880341
037 _aEBOOK
040 _aCRL
040 _beng
040 _cCRL
041 _2eng
041 _aeng
084 _qCRL
100 _aJohn E. Joseph; Talbot J. Taylor
_91217503
245 0 _aIdeologies of Language (RLE Linguistics A: General Linguistics)
260 _bTaylor and Francis
260 _c1990
365 _a
365 _b230
856 _uhttp://www.taylorfrancis.com/books/9781315880341
942 _cEBOOK
999 _c1823524
_d1823524